|
|
|
|
| LEADER |
00000nam0a2200000 4500 |
| 001 |
334904 |
| 005 |
20250616153618.0 |
| 010 |
|
|
|a 9785438707424
|
| 035 |
|
|
|a (RuTPU)RU\TPU\book\361206
|
| 090 |
|
|
|a 334904
|
| 100 |
|
|
|a 20170908d2017 m y0rusy50 ca
|
| 101 |
0 |
|
|a rus
|
| 102 |
|
|
|a RU
|
| 105 |
|
|
|a a j 001zy
|
| 200 |
0 |
|
|a Справочник по физике с примерами решения задач. Ч. 1
|e учебное пособие
|f Е. А. Склярова, Н. Д. Толмачева, С. И. Кузнецов
|g Национальный исследовательский Томский политехнический университет (ТПУ)
|
| 210 |
|
|
|d 2017
|a Томск
|c Изд-во ТПУ
|
| 215 |
|
|
|a 221 с.
|c ил.
|
| 320 |
|
|
|a Библиогр.: с. 211
|
| 330 |
|
|
|a В справочнике приведены основные законы и формулы по первому разделу физики с огромным количеством добавлений, пояснений, иллюстраций, диаграмм, графиков, таблиц и рисунков, что позволяет усваивать материал намного эффективнее. В каждой главе даны контрольные вопросы, упражнения, методика решения конкретных задач и практические задачи для самостоятельной работы. Четкий стиль изложения концентрирует внимание читателя и позволяет эффективно закрепить полученные знания. Предназначено для межвузовского использования студентами технических специальностей очной и дистанционной форм обучения.
|
| 606 |
1 |
|
|a Физика
|2 stltpush
|3 (RuTPU)RU\TPU\subj\63709
|9 80688
|
| 610 |
1 |
|
|a механика
|
| 610 |
1 |
|
|a термодинамика
|
| 610 |
1 |
|
|a молекулярная физика
|
| 610 |
1 |
|
|a кинематика
|
| 610 |
1 |
|
|a классическая динамика
|
| 610 |
1 |
|
|a сила
|
| 610 |
1 |
|
|a неинерциальные системы отсчета
|
| 610 |
1 |
|
|a энергия
|
| 610 |
1 |
|
|a работа
|
| 610 |
1 |
|
|a законы сохранения
|
| 610 |
1 |
|
|a теория тяготения Ньютона
|
| 610 |
1 |
|
|a вращательное движение
|
| 610 |
1 |
|
|a твердые тела
|
| 610 |
1 |
|
|a жидкости
|
| 610 |
1 |
|
|a газы
|
| 610 |
1 |
|
|a специальная теория относительности
|
| 610 |
1 |
|
|a молекулярно-кинетическая теория
|
| 610 |
1 |
|
|a статистическое распределение
|
| 610 |
1 |
|
|a физическая кинетика
|
| 610 |
1 |
|
|a первое начало термодинамики
|
| 610 |
1 |
|
|a круговые процессы
|
| 610 |
1 |
|
|a тепловые машины
|
| 610 |
1 |
|
|a реальные газы
|
| 610 |
1 |
|
|a термодинамические свойства
|
| 610 |
1 |
|
|a задачи
|
| 610 |
1 |
|
|a решения
|
| 610 |
1 |
|
|a учебные пособия
|
| 610 |
1 |
|
|a справочники
|
| 610 |
1 |
|
|a труды учёных ТПУ
|
| 675 |
|
|
|a 53(035)(076)
|v 4
|
| 700 |
|
1 |
|a Склярова
|b Е. А.
|c физик
|c доцент Томского политехнического университета, кандидат педагогических наук
|f 1972-
|g Елена Александровна
|9 10826
|
| 701 |
|
1 |
|a Толмачева
|b Н. Д.
|c физик
|c доцент Томского политехнического университета, кандидат химических наук
|f 1944-
|g Нелла Дмитриевна
|9 12953
|
| 701 |
|
1 |
|a Кузнецов
|b С. И.
|c физик
|c доцент Томского политехнического университета, кандидат технических наук
|f 1952-
|g Сергей Иванович
|9 12947
|
| 712 |
0 |
2 |
|a Национальный исследовательский Томский политехнический университет
|c (2009- )
|9 26305
|
| 801 |
|
1 |
|a RU
|b 63413507
|c 20170908
|
| 801 |
|
2 |
|a RU
|b 63413507
|c 20170918
|g RCR
|
| 850 |
|
|
|a 63413507
|
| 942 |
|
|
|c BK
|